000 01006cam a2200289 a 4500
001 000005643
005 20200929151729.0
008 990708s1998 ve b 001 0 spa
020 _a9806197585
040 _aDO-SdBNP
_cDLC
082 _a987.0632
_bR454ó
245 0 3 _aLa Revolución de Octubre /
_cManuel Caballero ... [et al.].
260 _aCaracas :
_bFundación Centro de Estudios Latinoamericanos Rómulo Gallegos,
_c1998.
300 _a149 p. ;
_c21 cm.
490 1 _aLa Alborada
504 _aIncluye referencias bibliográficas.
651 4 _aVenezuela
_xHistoria
_yREVOLUCIÓN, 1945.
_915951
651 4 _aVenezuela
_xPolítica Y Gobierno
_y1935-1958.
_93993
700 1 _aCaballero, Manuel.
_915952
700 1 _aNjaim, Humberto.
_915953
700 1 _aRey, Juan Carlos.
_915954
700 1 _aCamejo Ron, Yrayma.
_915955
700 1 _aPino Iturrieta, Elías.
_915956
700 1 _aRodríguez Iturbe, José
_915957
830 0 _aLa Alborada
_915958
910 _aCatalogación por copia / LC
999 _c5442
_d5442